000 00280nam a22001217a 4500
020 _a978-93-5275-077-1
082 _a494
_bDEN/M
100 _aDENJONGPA, MARIA L
245 _aMISS LEE AND THE MOSQUITTO
260 _aHONGKONG
_bSCHOLASTIC
650 _aSTORY
_zHONGKONG
942 _cBK
999 _c4558
_d4558